Interaktívny prezentačný systém

Guardado en:
Detalles Bibliográficos
Autor principal: Hrubša, Juraj, 1986- (Autor)
Otros Autores: Jelemenská, Katarína, 1962- (Orientador)
Formato: Manuscrito Libro
Lenguaje:eslovaco
Publicado: STU v Bratislave FIIT, 2009
Materias:
Etiquetas: Agregar Etiqueta
Sin Etiquetas, Sea el primero en etiquetar este registro!

MARC

LEADER 00000ntm a22000003a 4500
001 stu190114
005 20180413144614.9
008 090918s2009----xo------------------slo-d
040 |a STU  |b slo 
041 0 |a slo 
044 |a xo 
100 1 |a Hrubša, Juraj,  |d 1986-  |4 aut  |u I100  |U FIIT Fakulta informatiky a informačných technológií  |T FIIT Ústav počítačových systémov a sietí  |X 20470  |U I100  |Y 178  |7 A000020470 
245 1 |a Interaktívny prezentačný systém 
260 |b STU v Bratislave FIIT,  |c 2009 
300 |a 84 s  |c príl. 
650 7 |a počítačové systémy a siete  |2 stusub 
700 1 |a Jelemenská, Katarína,  |d 1962-  |4 ths  |u I100  |U FIIT Fakulta informatiky a informačných technológií  |T FIIT Ústav počítačových systémov a sietí  |X 1867  |U I100  |Y 178  |7 1867 
996 |c I*DP25/09  |l II680  |s P  |a 0  |w stu190114_0001